000 01089nam a22002655a 4500
003 OSt
005 20170620113053.0
008 170619s2016 ua a gr 000 h ara d
017 _a2016 / 16782
020 _a9789772013357
040 _aEG-ScBUE
_bara
_cEG-ScBUE
043 _af-ua---
082 0 4 _a320.962
_bك ا م
_222
100 1 _aكامل، رشاد.
_941808
245 1 0 _aروزاليوسف والمصري أفندي :
_bوصف مصر بالكاريكاتير /
_cاعداد وتقديم ودراسة رشاد كامل.
260 _aالقاهرة :
_b[مؤسسة روزاليوسف الصحفية]،
_c[2016].
300 _a304 ص. :
_bإيض. ؛
_c24 سم.
541 _aإهداء من ا. محمد فريد خميس.
590 _aWessam
650 7 _aالسياسة
_zمصر
_vكاريكاتير وكارتون.
_2BUEsh
651 7 _aمصر
_xأحوال سياسية
_vكاريكاتير وكارتون.
_2BUEsh
_941811
651 7 _aمصر
_xسياسة وحكومة
_vكاريكاتير وكارتون.
_2BUEsh
653 _bGGEN
_bBUSBOL
_bCOMAME
_cJune2017
942 _2ddc
999 _c24919
_d24891